| 000 | 00996nam a2200301 a 4500 | ||
|---|---|---|---|
| 003 | CO-ViMGA | ||
| 005 | 20230915233131.0 | ||
| 008 | 061121s2005 ck gr 0001fdspa d | ||
| 020 | _a958816091X | ||
| 040 |
_aCO-ViMGA _bspa _cCO-ViMGA |
||
| 043 | _ack | ||
| 090 | _aN PEÑC | ||
| 100 | 1 | 0 |
_aPeña Tovar, Luz _d1961- _920035 |
| 245 | 1 | 0 |
_aCuando cierra la noche _cLuz Peña Tovar ; editor Benjamin Villegas |
| 250 | _a1a. edicion | ||
| 260 | 3 |
_aBogota _bVillegas editores _c2005 |
|
| 300 |
_a455 paginas _c21 cm. |
||
| 490 | _aColeccion dorada. Interes general | ||
| 490 | _aVillegas. Novela | ||
| 500 | _aDonacion Villegas Editores | ||
| 500 | _aIncluye datos biograficos del autor | ||
| 650 | 1 | 4 |
_aCine en la literatura _2LEMB _920282 |
| 650 | 1 | 4 |
_aLiteratura colombiana _2LEMB _ySiglo XX _92515 |
| 650 | 1 | 4 |
_aNovela colombiana _2LEMB _ySiglo XX _92514 |
| 650 | 1 | 4 |
_aSueños en la literatura _2LEMB _91170 |
| 700 | 1 | 0 |
_aVillegas, Benjaminn _d1948- _eeditor _919960 |
| 942 |
_2ddc _cBK |
||
| 999 |
_c35500 _d35500 |
||